000 00493nam a2200169Ia 4500
008 090201s9999 xx 000 0 und d
010 _aKPL-27392
040 _bमराठी
041 _aमराठी
082 _a25807
_b27392
100 _aडॉ. वि. वा. फडके
245 _aरानफुले
_cडॉ. वि. वा. फडके
260 _c2004
_bवि.र.बाम
300 _a64
_bमोठा
600 _aरानफुले
942 _cBOOK
999 _c224984
_d224984